000 00734nam a22002535i 4500
001 10721
003 ES-MaACL
005 20240510063016.0
007 t|
008 950615s1995 sp ||||0| spa j
020 _a8486351642
040 _aM-BN
_bspa
_cM-BN
080 _a860-14"19"
100 0 _aGuereña, Jacinto Luis,
_d1915-2007
_960460
245 1 0 _aOlvido de una memoria /
_cJacinto Luis Guereña.
250 _a1ª ed.
260 _aHumanes, Madrid :
_bJuan Pastor,
_c1995.
300 _a103 p. ;
_c20 cm.
490 1 _aDevenir. Serie Poesía ;
_v84
830 0 0 _aDevenir.
_pSerie Poesía ;
_v84
_9236243
852 _aES-MaACL
_jP-1931 N 84
_bR.123805
_911014
942 _2udc
999 _c10721
_d10721